Etiqueta de registo: 00254nam 2200025 450
001 2287503
003 http://id.bnportugal.gov.pt/bib/catbnp/2287503
010 ## $a978-989-36235-5-8
021 ## $aPT$b559526/26
100 ## $a20260603d2026 m y0pory01030103ba
101 0# $apor
102 ## $aPT
105 ## $aa z 000yy
106 ## $ar
200 1# $aAlmanaque do pão$ftexto Sérgio Luís de Carvalho$gil. Dina Pereira
205 ## $a1ª ed
210 #9 $aLisboa$cParsifal,$d2026
215 ## $a96 p.$cil.$d23 cm
700 #1 $aCarvalho,$bSérgio Luís de,$f1959-$338919
702 #1 $aPereira,$bDina$4440$32000037
801 #0 $aPT$bBN$gRPC
966 ## $lBN$mFGMON$x1
966 ## $lBN$mFGMON$x1
971 ## $corlando$d20260603